Statistiques concernant Les cimetières parisiens intra-muros sur une carte

Cliquez ici pour prendre le quiz!

Statistiques générales

  • Ce quiz a été pris 31 fois
  • Le résultat moyen est 5 sur 14

Réponses sur la Carte

Les réponses sont colorées sur une échelle allant du rouge au vert en fonction du pourcentage des utilisateurs qui les ont devinées à leur premier essai. Vous pouvez retrouver ces pourcentages ci-dessous.
 

Statistiques - réponses

ArrondissementCimetière% Correct
20eCimetière du Père-Lachaise
100%
14eCimetière du Montparnasse
77%
18eCimetière de Montmartre
74%
20eCimetière de Belleville
35%
12eCimetière de Bercy
32%
17eCimetière des Batignolles
32%
16eCimetière d'Auteuil
29%
15eCimetière de Grenelle
29%
16eCimetière de Passy
29%
20eCimetière de Charonne
26%
19eCimetière de la Villette
26%
15eCimetière de Vaugirard
19%
18eCimetière Saint-Vincent
16%
18eCimetière du Calvaire
10%

Distribution des résultats

Percentile par nombre de réponses

% des personnes avec chaque résultat

Votre développement - résultats

Vous n’avez pas pris ce quiz